| 000 | 01037cam a2200361 a 4500 | ||
|---|---|---|---|
| 001 | 4990351 | ||
| 003 | OSt | ||
| 005 | 20160505104456.0 | ||
| 008 | 981001s1998 enk b 000 1 eng | ||
| 010 | _a 98204872 | ||
| 020 | _a9781427003911 | ||
| 040 | _aSEKU | ||
| 050 | 0 | 0 |
_aPR 3316 _b.B8 |
| 100 | 1 |
_aBurney, Fanny, _d1752-1840. |
|
| 240 | 1 | 0 | _aEvelina |
| 245 | 1 | 0 |
_aEvelina _cFanny Burney |
| 260 |
_a[lexington] _breadhowyouwant _c2007 |
||
| 300 | _a531p | ||
| 490 | 1 | _aOxford world's classics | |
| 500 | _aoptimized reading formats | ||
| 501 | _aeasy read super large 20pt. | ||
| 650 | 0 |
_aYoung women _vFiction. |
|
| 650 | 0 |
_aSocialites _vFiction. |
|
| 650 | 0 |
_aDebutantes _vFiction. |
|
| 651 | 0 |
_aLondon (England) _vFiction. |
|
| 655 | 7 |
_aEpistolary fiction. _2gsafd |
|
| 655 | 7 |
_aHumorous fiction. _2gsafd |
|
| 655 | 7 |
_aBildungsromans. _2gsafd |
|
| 655 | 7 |
_aLove stories. _2gsafd |
|
| 655 | 7 |
_aSatire. _2lcsh |
|
| 942 |
_2lcc _cGEN |
||
| 999 |
_c11056 _d11056 |
||